• 首页
  • 本馆介绍
  • 公告通知
  • 最新文献
  • 馆藏检索
  • 电子资源
  • 读者导购
  • 参考咨询
  • 我的图书馆
  • 登录
  • 详细信息显示
  • 放入我的书架
  • 预约/预借图书
  • 作者相关作品
  • 分类相关作品
  • 丛书相关作品
  • 出版社相关作品

书目信息

  • 表格格式
  • 工作单格式
  • 卡片格式
题名:
政坛回忆
    
 
作者: 程思远 著
分册:  
出版信息: 南宁   广西人民出版社  1983
页数: 227页
开本: 21cm
丛书名:
单 册:
中图分类: K262.9
科图分类:
主题词: 中国--历史
电子资源:
ISBN:
000 00636nam0 2200253 45
001 0183003648
005 20040518171429.3
010    @dCNY0.90
091    @a11113.40
100    @a19950405d1983 em y0chiy0121 ea
101 0  @achi
102    @aCN@b450000
105    @ay z 000yy
106    @ar
200 10 @a政坛回忆@Azheng tan hui yi@f程思远著
210    @a南宁@c广西人民出版社@d1983
215    @a227页@d21cm
300    @a内部发行
606 0  @a中国@x历史
690    @aK262.9@v3
701  0 @a程思远@Acheng si yuan@4著
801  0 @aCN@b上海图书馆@c20031225
801  2 @aCN@bNLC@c20031225
905    @dK262.9@e12@f5@b175949-953
    
    政坛回忆/程思远著.-南宁:广西人民出版社,1983
    227页;21cm
    内部发行
    
    ISBN :CNY0.90
    
●
相关链接 在E读中查询图书 在五车中查询图书 在当当中查询图书 在豆瓣中查询图书


正题名:政坛回忆     索取号:K262.9/12         预约/预借

序号 登录号 条形码 馆藏地/架位号 状态 备注
1 0106382   001859634   密集书库/ [索取号:K262.9/12] 在馆    
2 0106383   001859554   密集书库/ [索取号:K262.9/12] 在馆    
3 0106385   000356206   第二借阅区/ [索取号:K262.9/12] 在馆    
4 0106386   000356199   第二样本阅览室/ [索取号:K262.9/12] 在馆    
5 0175949   000356135   第二借阅区/ [索取号:K262.9/12] 在馆    
6 0175950   000356144   第二借阅区/ [索取号:K262.9/12] 在馆    
7 0175951   000356153   第二借阅区/ [索取号:K262.9/12] 在馆    
8 0175952   000356162   第二借阅区/ [索取号:K262.9/12] 在馆    
9 0175953   000356091   第二借阅区/ [索取号:K262.9/12] 在馆    
唐山师范学院图书馆 欢迎您!
大连网信软件有限公司© 版权所有